| 000 | 01546nam2a22002651 4500 | ||
|---|---|---|---|
| 001 | rc\778703 | ||
| 005 | 20250622135603.0 | ||
| 035 | _a(NLR Aleph) 006325994 | ||
| 090 |
_a7495530 _c7495530 |
||
| 100 | _a20040301d1988 |||y0rusy50 ca | ||
| 101 | 0 | _arus | |
| 102 | _aRU | ||
| 105 | _aa ||||||||| | ||
| 200 | 1 |
_aПрямые константы спин-спинового взаимодействия 13С-13С гетероатомных соединений _fНауч.-техн. центр хим. информатики _g[Подгот. Л.Б. Кривдин и др.] |
|
| 210 |
_d1988 _aБ. м. |
||
| 215 |
_a382 с. _cил. |
||
| 320 | _aБиблиогр.: с. 359-362 (40 назв.) | ||
| 320 | _aФормул. указ.: с. 363-381 | ||
| 461 | 0 |
_1001rc\778700 _12001#$aАТЛАС спектров углеродного магнитного резонанса$fПод ред. акад. В.А. Коптюга и к. х. н. М.И. Подгорной$gАН СССР. Сиб. отд-ние, Новосиб. ин-т орган. химии, Науч.-информ. центр по молекуляр. спектроскопии$vВып. 6 _97495501 _cНовосибирск _d1984- _fПод ред. акад. В.А. Коптюга и к. х. н. М.И. Подгорной _nНИОХ _tАТЛАС спектров углеродного магнитного резонанса _vВып. 6 |
|
| 702 | 1 |
_aКривдин _bЛ.Б. _4570 |
|
| 801 | 0 |
_aRU _bNLR _gpsbo |
|
| 801 | 1 |
_aRU _bELAR _2rusmarc |
|
| 852 |
_aNLR _j87-5/3357 |
||
| 942 | _cBOOK | ||
| 980 | _aNB | ||